[Event "CAMPEONATO DE ESPAÑA ABSOLUTO"]
[Site "EL SAUZAL - TENERIFE - ISLAS CANARIAS"]
[Date "2010.09.11"]
[Round "8"]
[Board "24"]
[White "Garcia Rodriguez, Sara"]
[Black "Morales Camacho, Julian"]
[Result "0-1"]
[WhiteElo "1869"]
[BlackElo "2213"]
[PlyCount "56"]
[EventDate "2010.09.04"]
[EventRounds "9"]
[EventCountry "ESP"]

1.e4 c5 2.Nf3 d6 3.d4 cxd4 4.Nxd4 Nf6 5.Nc3 Bd7 6.Be2 e5 7.Nb3 Bc6 8.Bf3 Be7
9.O-O O-O 10.Be3 b5 11.Qd3 a6 12.a3 Nbd7 13.Ne2 a5 14.Ng3 a4 15.Nd2 g6 16.Qe2
Qb8 17.Bh6 Re8 18.Rfe1 Nc5 19.Qe3 Kh8 20.Be2 Qb7 21.f3 Ng8 22.Ndf1 Ne6 23.Qd2
Nxh6 24.Qxh6 Bg5 25.Qh3 Nf4 26.Qg4 f6 27.Nh1 Qa7+ 28.Nf2 h5 0-1

[Event "CAMPEONATO DE ESPAÑA ABSOLUTO"]
[Site "EL SAUZAL - TENERIFE - ISLAS CANARIAS"]
[Date "2010.09.11"]
[Round "8"]
[Board "25"]
[White "Molina Rodriguez, Borja"]
[Black "Del Rey, Diego"]
[Result "1/2-1/2"]
[WhiteElo "2058"]
[BlackElo "2396"]
[PlyCount "159"]
[EventDate "2010.09.04"]
[EventRounds "9"]
[EventCountry "ESP"]

1.e4 d6 2.d4 Nf6 3.Nc3 Nbd7 4.Nf3 e5 5.Bc4 Be7 6.O-O O-O 7.Re1 c6 8.a4 b6 9.Ba2
a6 10.h3 Rb8 11.Be3 b5 12.axb5 axb5 13.b4 Qc7 14.Bb3 Nb6 15.Qd3 Bd7 16.dxe5 dxe5
17.Bc5 Bxc5 18.bxc5 Nc4 19.Bxc4 bxc4 20.Qxc4 Be6 21.Qe2 Nh5 22.Red1 Nf4 23.Qe3
Rfd8 24.Rxd8+ Rxd8 25.Rd1 Rxd1+ 26.Nxd1 f6 27.Qd2 Kf8 28.Ne3 Ke7 29.Ne1 Qd7
30.Qxd7+ Kxd7 31.Kf1 Kc7 32.Nd3 Nxd3 33.cxd3 Kb7 34.Ke2 Ka6 35.Kd2 Kb5 36.Kc3
Kxc5 37.h4 h5 38.g3 g5 39.Ng2 g4 40.Ne3 Kb5 41.Nc2 f5 42.Ne3 fxe4 43.dxe4 Kc5
44.Nf1 Bf7 45.Nd2 Bg6 46.f3 gxf3 47.Nxf3 Bxe4 48.Nxe5 Kd5 49.Nd7 Ke6 50.Nc5+ Ke5
51.Nd7+ Kf5 52.Kd4 Bf3 53.Ke3 Bd1 54.Nc5 Bc2 55.Kd2 Bb1 56.Ke3 Ke5 57.Nd7+ Ke6
58.Nc5+ Kd5 59.Nd7 Ke6 60.Nc5+ Kf5 61.Nd7 Bc2 62.Nc5 Ke5 63.Nd7+ Ke6 64.Nc5+ Kd5
65.Nd7 Bd1 66.Nf6+ Ke5 67.Ne4 Bg4 68.Nc5 Bf5 69.Nb3 Kd5 70.Nd4 Bg4 71.Nc2 c5
72.Ne1 c4 73.Nc2 Kc5 74.Kd2 Be6 75.Kc3 Kd5 76.Ne3+ Ke4 77.Nxc4 Kf3 78.Nd6 Kxg3
79.Ne4+ Kxh4 80.Nf6 1/2-1/2

[Event "CAMPEONATO DE ESPAÑA ABSOLUTO"]
[Site "EL SAUZAL - TENERIFE - ISLAS CANARIAS"]
[Date "2010.09.11"]
[Round "8"]
[Board "26"]
[White "Martin Hernandez, Ruben"]
[Black "Vega Gutierrez, Belinda"]
[Result "1/2-1/2"]
[WhiteElo "2037"]
[BlackElo "2233"]
[PlyCount "55"]
[EventDate "2010.09.04"]
[EventRounds "9"]
[EventCountry "ESP"]

1.c4 e6 2.d4 d5 3.Nc3 Nf6 4.cxd5 exd5 5.Bg5 Be7 6.e3 c6 7.Qc2 h6 8.Bh4 O-O 9.Bd3
Re8 10.Nf3 Nbd7 11.O-O Ne4 12.Bxe7 Qxe7 13.Rab1 Ng5 14.Nd2 Nf6 15.Bf5 Bxf5
16.Qxf5 g6 17.Qc2 Qd6 18.h3 Kg7 19.b4 a6 20.a4 h5 21.Rfc1 Qd7 22.b5 axb5 23.axb5
Ra3 24.bxc6 bxc6 25.Na4 Qa7 26.Nc5 Ra2 27.Qc3 Rb8 28.Rxb8 1/2-1/2

[Event "CAMPEONATO DE ESPAÑA ABSOLUTO"]
[Site "EL SAUZAL - TENERIFE - ISLAS CANARIAS"]
[Date "2010.09.11"]
[Round "8"]
[Board "27"]
[White "Machin Arbelo, Pedro Alexis"]
[Black "Gonzalez Garcia, Guillermo"]
[Result "1/2-1/2"]
[WhiteElo "2032"]
[BlackElo "2215"]
[PlyCount "63"]
[EventDate "2010.09.04"]
[EventRounds "9"]
[EventCountry "ESP"]

1.e4 c5 2.Nf3 d6 3.c3 Nf6 4.Bc4 Nc6 5.Qe2 e6 6.O-O Be7 7.Bb3 e5 8.d4 cxd4 9.cxd4
Bg4 10.d5 Nd4 11.Ba4+ b5 12.Bxb5+ Kf8 13.Qd3 Bxf3 14.gxf3 Qc8 15.Kg2 g5 16.Nc3
Nh5 17.Ba6 Qd7 18.Bb5 Qb7 19.Ba6 Qd7 20.Bb5 Qc7 21.Ne2 Nxe2 22.Qxe2 Rb8 23.Be3
Qa5 24.a4 Bf6 25.Rfc1 Nf4+ 26.Bxf4 exf4 27.Rc6 Qb4 28.Rac1 Rg8 29.Rc8+ Kg7
30.Rxb8 Rxb8 31.Rc2 Be5 32.Qd2 1/2-1/2

[Event "CAMPEONATO DE ESPAÑA ABSOLUTO"]
[Site "EL SAUZAL - TENERIFE - ISLAS CANARIAS"]
[Date "2010.09.11"]
[Round "8"]
[Board "28"]
[White "Perez Gutierrez, Nauzet"]
[Black "Camino Carrio, Nicanor"]
[Result "0-1"]
[WhiteElo "2007"]
[BlackElo "2137"]
[PlyCount "40"]
[EventDate "2010.09.04"]
[EventRounds "9"]
[EventCountry "ESP"]

1.e4 c5 2.Nf3 d6 3.d4 cxd4 4.Nxd4 Nf6 5.Nc3 g6 6.Bg5 Bg7 7.Bb5+ Bd7 8.Qe2 O-O
9.O-O-O Qb6 10.Bxf6 exf6 11.Bxd7 Nxd7 12.Qb5 Qd8 13.Qxb7 f5 14.Nd5 Nc5 15.Qc7
Qg5+ 16.f4 Qxg2 17.Ne7+ Kh8 18.e5 Ne4 19.Rhf1 dxe5 20.fxe5 Qg5+ 0-1

[Event "CAMPEONATO DE ESPAÑA ABSOLUTO"]
[Site "EL SAUZAL - TENERIFE - ISLAS CANARIAS"]
[Date "2010.09.11"]
[Round "8"]
[Board "29"]
[White "Hernandez Leon, Sergio"]
[Black "Arnedo Ruiz, Alberto"]
[Result "1-0"]
[WhiteElo "2133"]
[BlackElo "1961"]
[PlyCount "75"]
[EventDate "2010.09.04"]
[EventRounds "9"]
[EventCountry "ESP"]

1.d4 d5 2.c4 c6 3.Nf3 Nf6 4.e3 a6 5.Nbd2 Nbd7 6.b3 e6 7.Bd3 Be7 8.O-O O-O 9.Bb2
b5 10.e4 dxe4 11.Nxe4 Rb8 12.Qe2 Qb6 13.Bc3 Rd8 14.Neg5 Re8 15.Nxf7 Nf8 16.N7g5
Qc7 17.Rad1 Ng4 18.Ne4 Ng6 19.g3 Rf8 20.h3 Nf4 21.gxf4 Qxf4 22.Bd2 Qxf3 23.Qxf3
Rxf3 24.Be2 Rxh3 25.Bxg4 Rh4 26.Bf3 e5 27.dxe5 Bh3 28.Rfe1 Rf8 29.Bg2 Bg4 30.Rc1
Bf5 31.Ng3 Bg6 32.Bxc6 Bc5 33.Be3 Bb4 34.Rf1 Rg4 35.Bd7 Rh4 36.c5 Rf3 37.c6 Be4
38.Nxe4 1-0

[Event "CAMPEONATO DE ESPAÑA ABSOLUTO"]
[Site "EL SAUZAL - TENERIFE - ISLAS CANARIAS"]
[Date "2010.09.11"]
[Round "8"]
[Board "32"]
[White "Lopez Pereyra, Antonio"]
[Black "Gonzalez Cruz, Steven"]
[Result "0-1"]
[WhiteElo "2079"]
[BlackElo "1831"]
[PlyCount "44"]
[EventDate "2010.09.04"]
[EventRounds "9"]
[EventCountry "ESP"]

1.e4 d6 2.d4 Nf6 3.Nc3 g6 4.Be3 Bg7 5.Qd2 Nc6 6.f3 O-O 7.O-O-O e5 8.d5 Ne7 9.g4
h5 10.h3 c6 11.dxc6 Nxc6 12.Kb1 Be6 13.Nge2 Rc8 14.Ng3 Qa5 15.Nf5 Rfd8 16.Nxg7
Kxg7 17.Bh6+ Kh7 18.Bg5 Nd4 19.Bxf6 Rxc3 20.a3 Rdc8 21.gxh5 Rxa3 22.Qxa5 Ba2+ 0-1

[Event "CAMPEONATO DE ESPAÑA ABSOLUTO"]
[Site "EL SAUZAL - TENERIFE - ISLAS CANARIAS"]
[Date "2010.09.11"]
[Round "8"]
[Board "33"]
[White "Nortes Hernandez, Pedro"]
[Black "Rodriguez Ferraz, Borja"]
[Result "1-0"]
[WhiteElo "2020"]
[BlackElo "2079"]
[PlyCount "59"]
[EventDate "2010.09.04"]
[EventRounds "9"]
[EventCountry "ESP"]

1.e4 e5 2.Nf3 Nc6 3.Bc4 Nf6 4.d3 Bc5 5.Nc3 d6 6.Bg5 h6 7.Bxf6 Qxf6 8.Nd5 Qd8
9.c3 a6 10.d4 Ba7 11.dxe5 dxe5 12.Qe2 Bc5 13.Rd1 Bd6 14.O-O O-O 15.h3 Ne7
16.Nxe5 Bxe5 17.Nf6+ gxf6 18.Rxd8 Rxd8 19.f4 Bd6 20.Qh5 Be6 21.Bxe6 fxe6 22.e5
Bc5+ 23.Kh2 f5 24.Rf3 Rf8 25.Qxh6 Kf7 26.Qh5+ Ng6 27.Qh7+ Ke8 28.Qxg6+ Ke7 29.b4
Bb6 30.Rd3 1-0

[Event "CAMPEONATO DE ESPAÑA ABSOLUTO"]
[Site "EL SAUZAL - TENERIFE - ISLAS CANARIAS"]
[Date "2010.09.11"]
[Round "8"]
[Board "34"]
[White "Leon Varela, Luis"]
[Black "Alonso Contreras, Mario Elias"]
[Result "1-0"]
[WhiteElo "2168"]
[BlackElo "1980"]
[PlyCount "55"]
[EventDate "2010.09.04"]
[EventRounds "9"]
[EventCountry "ESP"]

1.d4 Nf6 2.c4 c5 3.d5 b5 4.f3 g6 5.e4 bxc4 6.e5 Ng8 7.Bxc4 Bg7 8.f4 Ba6 9.Na3
Nh6 10.Nf3 O-O 11.Bd2 Bxc4 12.Nxc4 d6 13.Bc3 Na6 14.O-O Nc7 15.Qd2 dxe5 16.Rad1
exf4 17.Bxg7 Kxg7 18.Qxf4 f6 19.d6 exd6 20.Nxd6 Qd7 21.Nc4 Qf7 22.Ng5 fxg5
23.Qe5+ Kg8 24.Rxf7 Rxf7 25.Qxg5 Nf5 26.Rd8+ Rxd8 27.Qxd8+ Kg7 28.Nd6 1-0

[Event "CAMPEONATO DE ESPAÑA ABSOLUTO"]
[Site "EL SAUZAL - TENERIFE - ISLAS CANARIAS"]
[Date "2010.09.11"]
[Round "8"]
[Board "35"]
[White "Herrera Reyes, Jose Antonio"]
[Black "Salido Polo, Veronica"]
[Result "0-1"]
[WhiteElo "2145"]
[BlackElo "1972"]
[PlyCount "130"]
[EventDate "2010.09.04"]
[EventRounds "9"]
[EventCountry "ESP"]

1.e4 c5 2.d3 Nc6 3.g3 g6 4.Bg2 Bg7 5.Ne2 d6 6.O-O e6 7.c3 Nge7 8.Be3 f5 9.Nd2
O-O 10.f4 Qc7 11.Kh1 b5 12.Rc1 Bb7 13.Bg1 a5 14.d4 fxe4 15.Nxe4 c4 16.Ng5 Nd8
17.Ne4 Ra6 18.h3 e5 19.Kh2 Ne6 20.fxe5 dxe5 21.Rxf8+ Kxf8 22.Qd2 Nf5 23.d5 Bh6
24.Qd1 Bxc1 25.dxe6 Be3 26.g4 Bxg1+ 27.Qxg1 Bxe4 28.Bxe4 Ng7 29.Qf2+ Ke8 30.Ng3
Rxe6 31.Bd5 Qb6 32.Qf3 Rf6 33.Qd1 Rf2+ 34.Bg2 Qc6 35.Qf1 Qf6 36.Qd1 Rxb2 37.Qd5
Ne6 38.Qc6+ Kf7 39.Kh1 Nf4 40.Qb7+ Qe7 41.Bd5+ Nxd5 42.Qxd5+ Kg7 43.Ne4 a4 44.g5
Re2 45.Nf6 Qf7 46.Qd8 Qb7+ 47.Nd5 Rf2 48.Qd6 Rf5 49.Kh2 Qf7 50.Nf6 Rxg5 51.Ng4
Qf4+ 52.Kg2 Rxg4+ 53.hxg4 Qxg4+ 54.Kf2 Qf4+ 55.Ke2 Qf5 56.Qc7+ Kh6 57.Ke1 Qb1+
58.Ke2 Qc2+ 59.Kf1 Qc1+ 60.Ke2 Qc2+ 61.Kf1 Qd3+ 62.Kf2 Qf5+ 63.Ke1 Qe4+ 64.Kf2
Qf5+ 65.Ke1 e4 0-1

[Event "CAMPEONATO DE ESPAÑA ABSOLUTO"]
[Site "EL SAUZAL - TENERIFE - ISLAS CANARIAS"]
[Date "2010.09.11"]
[Round "8"]
[Board "36"]
[White "Rodriguez Jorge, David"]
[Black "Villavicencio Martinez, Carlos"]
[Result "0-1"]
[WhiteElo "1940"]
[BlackElo "2123"]
[PlyCount "138"]
[EventDate "2010.09.04"]
[EventRounds "9"]
[EventCountry "ESP"]

1.e4 c5 2.Nf3 e6 3.c4 a6 4.Nc3 Qc7 5.d4 cxd4 6.Nxd4 Nf6 7.a3 b6 8.Be3 Bb7 9.f3
d6 10.Be2 Nbd7 11.Qd2 Rc8 12.O-O Be7 13.Rfd1 O-O 14.Rac1 Qb8 15.b4 Rfe8 16.Nb3
Bf8 17.Bf1 Be7 18.Na4 Bc6 19.b5 axb5 20.cxb5 Ba8 21.Nc3 d5 22.exd5 Bxd5 23.Qb2
Bd6 24.h3 Bh2+ 25.Kh1 Bf4 26.Nxd5 Nxd5 27.Bxf4 Qxf4 28.Nd4 Nc5 29.Nc6 Ra8 30.Rc4
Qf6 31.Qxf6 gxf6 32.Ra1 Ne3 33.Rc3 Nd5 34.Rc4 f5 35.Kg1 Ne3 36.Rc3 Nd5 37.Rc4
Ra4 38.Rxa4 Nxa4 39.Bc4 Ne3 40.Be2 Ra8 41.Kf2 Nd5 42.Bc4 Nc7 43.h4 Nc3 44.a4
Rxa4 45.Rxa4 Nxa4 46.Ne7+ Kf8 47.Nc8 Ke8 48.Bb3 Nc5 49.Bc4 Na8 50.Ke3 Kd7 51.Na7
Nc7 52.Kf4 h6 53.g4 fxg4 54.Kxg4 Ne8 55.Kh5 Nd6 56.Bf1 Ke7 57.Kxh6 Kf6 58.Bh3
Nd3 59.Bg4 Ne5 60.Kh7 Nxg4 61.fxg4 e5 62.h5 e4 63.Nc6 e3 64.Nd4 Nxb5 65.Ne2 Nd6
66.h6 Ne4 67.Kg8 Kg6 68.g5 Nxg5 69.h7 Nxh7 0-1

[Event "CAMPEONATO DE ESPAÑA ABSOLUTO"]
[Site "EL SAUZAL - TENERIFE - ISLAS CANARIAS"]
[Date "2010.09.11"]
[Round "8"]
[Board "37"]
[White "Perez Celis, Alba"]
[Black "Garcia Gata, Jorge D"]
[Result "0-1"]
[WhiteElo "1819"]
[BlackElo "2090"]
[PlyCount "40"]
[EventDate "2010.09.04"]
[EventRounds "9"]
[EventCountry "ESP"]

1.e4 c5 2.Nf3 Nc6 3.d4 cxd4 4.Nxd4 Nf6 5.Nc3 g6 6.Nxc6 bxc6 7.e5 Ng8 8.Be3 Bg7
9.f4 Nh6 10.Bd3 O-O 11.Be4 Ba6 12.Qf3 Rb8 13.f5 d5 14.exd6 exd6 15.f6 Bxf6
16.Bxh6 Bxc3+ 17.bxc3 Qh4+ 18.g3 Qxh6 19.Bxc6 Rbc8 20.Rd1 Rxc6 0-1

[Event "CAMPEONATO DE ESPAÑA ABSOLUTO"]
[Site "EL SAUZAL - TENERIFE - ISLAS CANARIAS"]
[Date "2010.09.11"]
[Round "8"]
[Board "38"]
[White "Barrio Pareja, Eduardo"]
[Black "Marrero Lopez, Agustin"]
[Result "1/2-1/2"]
[WhiteElo "2049"]
[BlackElo "1859"]
[PlyCount "114"]
[EventDate "2010.09.04"]
[EventRounds "9"]
[EventCountry "ESP"]

1.e4 e5 2.Nf3 Nc6 3.Bb5 a6 4.Ba4 d6 5.c3 Bd7 6.O-O Nf6 7.Re1 Be7 8.d4 exd4
9.cxd4 b5 10.Bb3 Bg4 11.Be3 Na5 12.Bc2 Nc4 13.Bc1 O-O 14.b3 Nb6 15.h3 Bc8 16.Bb2
Bb7 17.Nbd2 c5 18.Nf1 c4 19.Ng3 g6 20.Qe2 Rc8 21.Rad1 Qc7 22.d5 Nfd7 23.Nd4 Bf6
24.Kh2 Rfe8 25.Qf1 Bg7 26.b4 c3 27.Bc1 Qc4 28.Bb3 Qxb4 29.Nc2 Qc5 30.Be3 Qc7
31.Bd4 Nc4 32.Bxg7 Kxg7 33.Qd3 Nb2 34.Qd4+ f6 35.Ra1 Qc5 36.Ne2 a5 37.Nf4 Qxd4
38.Nxd4 Ba6 39.Nfe6+ Kf7 40.f4 Nc5 41.Bc2 b4 42.a3 Bd3 43.axb4 axb4 44.Ra7+ Re7
45.Rxe7+ Kxe7 46.Ra1 Kf7 47.Ra7+ Kg8 48.f5 Bxe4 49.Bxe4 Nxe4 50.Nc6 Re8 51.fxg6
hxg6 52.Nxb4 Nc4 53.Rc7 Ne5 54.Na2 Nf7 55.Nxc3 Neg5 56.Nxg5 Nxg5 57.Rd7 Nf7 1/2-1/2

[Event "CAMPEONATO DE ESPAÑA ABSOLUTO"]
[Site "EL SAUZAL - TENERIFE - ISLAS CANARIAS"]
[Date "2010.09.11"]
[Round "8"]
[Board "39"]
[White "Korneev, Svyatoslav"]
[Black "Navarro Molina, David"]
[Result "0-1"]
[WhiteElo "1787"]
[BlackElo "2047"]
[PlyCount "96"]
[EventDate "2010.09.04"]
[EventRounds "9"]
[EventCountry "ESP"]

1.c4 c5 2.g3 e6 3.Bg2 Nf6 4.b3 Nc6 5.Bb2 a6 6.Nc3 Be7 7.d3 Qc7 8.e3 d6 9.Nge2
Bd7 10.a3 Rc8 11.Qc2 Qb8 12.Ne4 Nxe4 13.Bxe4 O-O 14.d4 f5 15.Bg2 cxd4 16.exd4 b5
17.d5 Nd8 18.Rb1 e5 19.O-O bxc4 20.bxc4 Qc7 21.f4 Bf6 22.fxe5 dxe5 23.Rbc1 Nb7
24.Kh1 Nc5 25.Bc3 Kh8 26.Rfd1 Ba4 27.Qxf5 Bxd1 28.Rxd1 Qd7 29.Qxd7 Nxd7 30.Bh3
Rc7 31.Ba5 Rb7 32.Bxd7 Rxd7 33.c5 Rc8 34.Bb6 Bd8 35.a4 a5 36.c6 Rxc6 37.Bxd8
Rxd8 38.Rd3 Rc4 39.Nc3 Rdc8 40.Ne2 Rxa4 41.d6 Rd8 42.Kg2 Kg8 43.Rd5 Kf7 44.Nc3
Ke6 45.Rc5 Ra1 46.Nb5 a4 47.Rc3 Rb1 48.Rc5 Rb3 0-1

[Event "CAMPEONATO DE ESPAÑA ABSOLUTO"]
[Site "EL SAUZAL - TENERIFE - ISLAS CANARIAS"]
[Date "2010.09.11"]
[Round "8"]
[Board "40"]
[White "De La Rubia Ramirez, Dulce N"]
[Black "Ponce Valero, Juan Antonio"]
[Result "0-1"]
[WhiteElo "1774"]
[BlackElo "2020"]
[PlyCount "124"]
[EventDate "2010.09.04"]
[EventRounds "9"]
[EventCountry "ESP"]

1.e4 c5 2.Nc3 g6 3.g3 Bg7 4.Bg2 Nc6 5.d3 e6 6.f4 Nge7 7.Be3 b6 8.Nge2 O-O 9.O-O
d5 10.Bf2 Bb7 11.e5 f6 12.d4 cxd4 13.Nxd4 Nxd4 14.exf6 Bxf6 15.Bxd4 Nf5 16.Bxf6
Qxf6 17.Qd2 Rac8 18.Rae1 Rc7 19.Re5 Nd6 20.Qe2 Bc8 21.Bh3 Nf5 22.Re1 Rc4 23.Bxf5
gxf5 24.Qf2 Bd7 25.Nd1 Rfc8 26.c3 Re4 27.R1xe4 dxe4 28.Qd4 Rd8 29.Ne3 Bc8 30.Qc4
Qf7 31.g4 Rf8 32.gxf5 exf5 33.Qxf7+ Rxf7 34.Kf2 Kg7 35.Kg3 Kg6 36.Kf2 Rd7 37.Ke2
Rd3 38.Re7 Bd7 39.Nc4 Kf6 40.Rxh7 Bb5 41.Rc7 Rh3 42.Ke1 Rxh2 43.Nd6 Bd3 44.Rxa7
e3 45.Ne8+ Kg6 46.Rg7+ Kh6 47.Rg1 Rxb2 48.Rh1+ Kg6 49.Rg1+ Kf7 50.Nd6+ Ke7
51.Nxf5+ Bxf5 52.Rg3 e2 53.Re3+ Kd6 54.Rxe2 Rxe2+ 55.Kxe2 Kc5 56.Ke3 Kc4 57.Kd2
Bb1 58.a3 Bf5 59.a4 Kb3 60.c4 Kxc4 61.a5 bxa5 62.Kc1 Kb3 0-1

[Event "CAMPEONATO DE ESPAÑA ABSOLUTO"]
[Site "EL SAUZAL - TENERIFE - ISLAS CANARIAS"]
[Date "2010.09.11"]
[Round "8"]
[Board "41"]
[White "Capote Robayna, Johanna"]
[Black "Galvan Sarmiento, Jose Luis"]
[Result "0-1"]
[WhiteElo "1740"]
[BlackElo "2008"]
[PlyCount "120"]
[EventDate "2010.09.04"]
[EventRounds "9"]
[EventCountry "ESP"]

1.e4 e6 2.d4 d5 3.Nc3 Nf6 4.e5 Nfd7 5.Nf3 c5 6.dxc5 Bxc5 7.Bd3 Nc6 8.Bf4 a6
9.O-O b5 10.a3 Bb7 11.Re1 Be7 12.Qd2 Nc5 13.Rad1 Nxd3 14.Qxd3 Na5 15.Nd2 Rc8
16.Qg3 g5 17.Be3 Qc7 18.f4 gxf4 19.Bxf4 Kd7 20.Nde4 Rcf8 21.Nf6+ Kc8 22.Rd3 Nc4
23.b3 Nb6 24.Ne2 Kb8 25.Rc3 Qd8 26.Nd4 Ka8 27.Nc6 Bxc6 28.Rxc6 Kb7 29.Qc3 Nc8
30.Bh6 Rfg8 31.Nxg8 Rxg8 32.Be3 Qd7 33.Rxc8 Rxc8 34.Qd3 h5 35.b4 Qc7 36.Qd4 Kb8
37.Rf1 Bd8 38.Qc5 Qb7 39.Qd6+ Bc7 40.Qe7 Bxe5 41.Qxb7+ Kxb7 42.Rxf7+ Rc7
43.Rxc7+ Kxc7 44.Bc1 Bd4+ 45.Kf1 Kd6 46.Ke2 Bg1 47.h3 Ke5 48.g4 hxg4 49.hxg4 Ke4
50.Bd2 Bd4 51.c3 Be5 52.g5 Kf5 53.Kf3 Bd6 54.Be3 Be7 55.g6 Bf6 56.Bd4 e5 57.Bc5
e4+ 58.Ke3 Bxc3 59.Bd4 Bxd4+ 60.Kxd4 Kxg6 0-1

[Event "CAMPEONATO DE ESPAÑA ABSOLUTO"]
[Site "EL SAUZAL - TENERIFE - ISLAS CANARIAS"]
[Date "2010.09.11"]
[Round "8"]
[Board "42"]
[White "Acosta Sosa, Juan Manuel"]
[Black "Perez Barreto, Adrian"]
[Result "1-0"]
[WhiteElo "2007"]
[BlackElo "1718"]
[PlyCount "201"]
[EventDate "2010.09.04"]
[EventRounds "9"]
[EventCountry "ESP"]

1.d4 Nf6 2.c4 c5 3.d5 b5 4.cxb5 a6 5.b6 d6 6.Nc3 Nbd7 7.e4 Qxb6 8.Nf3 g6 9.h3
Bg7 10.Be2 O-O 11.O-O Re8 12.Rb1 Qc7 13.Qc2 Nb6 14.b3 Nfd7 15.Bb2 Ne5 16.Nxe5
Bxe5 17.Nd1 Bxb2 18.Rxb2 Nd7 19.Ne3 Nf6 20.Rd1 e6 21.dxe6 Bxe6 22.Bf3 Rad8
23.Qd3 Qb6 24.Rbd2 Rd7 25.Qc3 Kg7 26.Bg4 Qd8 27.Be2 Qb6 28.Kh1 Qc6 29.Ng4 Bxg4
30.Bxg4 Rdd8 31.Bf3 Qc7 32.b4 Re5 33.a4 Qb6 34.bxc5 Rxc5 35.Qd4 Qc7 36.Be2 a5
37.Bb5 Re5 38.Re2 Qe7 39.Rde1 d5 40.exd5 Rxe2 41.Rxe2 Rxd5 42.Rxe7 Rxd4 43.Ra7
Ne4 44.f3 Nc3 45.Rxa5 Nxb5 46.axb5 Rb4 47.Kh2 Kf8 48.Kg3 f5 49.Ra8+ Kg7 50.Rb8
g5 51.b6 Rb2 52.b7 h6 53.h4 Kh7 54.hxg5 hxg5 55.Rf8 Rxb7 56.Rxf5 Kg6 57.Rc5 Rb4
58.Rc6+ Kf5 59.Kh3 Rh4+ 60.Kg3 Rb4 61.Rc2 Ra4 62.Kf2 Ra3 63.Rc4 Ra2+ 64.Kg3 Ra3
65.Rb4 Rc3 66.Kh3 Ra3 67.g4+ Kf6 68.Kg3 Rc3 69.Rb2 Rc5 70.Rb3 Ke5 71.Re3+ Kd4
72.Re8 Ra5 73.Rf8 Rb5 74.Rg8 Ra5 75.Re8 Rb5 76.Kf2 Rb2+ 77.Re2 Rb3 78.Re4+ Kd5
79.Re3 Rb2+ 80.Kg3 Rb4 81.Ra3 Ke6 82.Ra8 Rb3 83.Rf8 Rb5 84.Rh8 Kf7 85.Rh6 Rb3
86.Rd6 Rb4 87.Kf2 Rb2+ 88.Ke3 Rb3+ 89.Ke4 Rb5 90.Rd5 Rb4+ 91.Kf5 Rf4+ 92.Kxg5
Rxf3 93.Rf5+ Rxf5+ 94.Kxf5 Kg7 95.Kg5 Kg8 96.Kg6 Kf8 97.g5 Kg8 98.Kf6 Kh7 99.Kf7
Kh8 100.Kg6 Kg8 101.Kh6 1-0

[Event "CAMPEONATO DE ESPAÑA ABSOLUTO"]
[Site "EL SAUZAL - TENERIFE - ISLAS CANARIAS"]
[Date "2010.09.11"]
[Round "8"]
[Board "43"]
[White "Abreu Suarez, Isauro"]
[Black "Ramirez Medina, Victor"]
[Result "1-0"]
[WhiteElo "2068"]
[BlackElo "1816"]
[PlyCount "139"]
[EventDate "2010.09.04"]
[EventRounds "9"]
[EventCountry "ESP"]

1.e4 c5 2.Nf3 d6 3.c3 Nf6 4.Be2 Nbd7 5.d3 g6 6.O-O Bg7 7.Re1 b6 8.Nbd2 O-O 9.d4
Bb7 10.Bf1 e5 11.d5 a6 12.a4 Qc7 13.Qb3 h6 14.g3 Rab8 15.Nc4 Bc8 16.Na3 Nh7
17.Nh4 Nhf6 18.Bd2 Kh7 19.Qc2 Re8 20.f4 exf4 21.gxf4 Kh8 22.Rad1 Bb7 23.Bc1 Nh5
24.Nf3 Qd8 25.Bg2 Bc8 26.Nc4 Qc7 27.e5 dxe5 28.d6 Qd8 29.Ncxe5 Nxe5 30.Nxe5 Bf5
31.Nxf7+ Kg8 32.Qxf5 gxf5 33.Nxd8 Rxe1+ 34.Rxe1 Rxd8 35.Bd5+ Kf8 36.Re6 Nf6
37.Bc4 Ne4 38.Bxa6 Nxd6 39.Be2 Kf7 40.Re3 Ra8 41.Rd3 Ke7 42.Bd1 b5 43.Be3 Ne4
44.axb5 Ra5 45.c4 Bxb2 46.Bf3 Ra1+ 47.Kg2 Ra4 48.Rd5 Rxc4 49.Rxf5 Nd6 50.Bxc5
Bd4 51.Bxd6+ Kxd6 52.Rd5+ Kc7 53.Rf5 Rc5 54.Rf7+ Kb6 55.Rb7+ Ka5 56.Bc6 Rf5
57.Rh7 Rxf4 58.Rxh6 Rf2+ 59.Kg3 Rf6 60.Rxf6 Bxf6 61.h4 Kb6 62.h5 Kc7 63.Kg4 Kd8
64.Kf5 Ke7 65.Kg6 Bd4 66.h6 Kf8 67.h7 Ke7 68.b6 Kd6 69.b7 Kc7 70.Kf7 1-0

[Event "CAMPEONATO DE ESPAÑA ABSOLUTO"]
[Site "EL SAUZAL - TENERIFE - ISLAS CANARIAS"]
[Date "2010.09.11"]
[Round "8"]
[Board "44"]
[White "Marrero Cardenes, Agustin"]
[Black "Javaloy Guerrero, Manuel A"]
[Result "1-0"]
[WhiteElo "1787"]
[BlackElo "1934"]
[PlyCount "85"]
[EventDate "2010.09.04"]
[EventRounds "9"]
[EventCountry "ESP"]

1.d4 d5 2.c4 c6 3.Nc3 Nf6 4.Nf3 g6 5.e3 Bg7 6.Bd3 O-O 7.O-O Bf5 8.Bxf5 gxf5
9.cxd5 cxd5 10.Qb3 Qd6 11.Bd2 Nbd7 12.Na4 b6 13.Bb4 Qc6 14.Bxe7 Rfe8 15.Bxf6
Nxf6 16.Ne5 Qe6 17.Rfc1 Rac8 18.Rxc8 Rxc8 19.Nc3 Bh6 20.f4 Rd8 21.Ne2 Nh5 22.Rc1
f6 23.Nf3 Re8 24.Kf2 Ng7 25.Rc7 Rd8 26.Rxa7 Ne8 27.Rb7 Nd6 28.Rxb6 Ne4+ 29.Kf1
Qc8 30.Nc3 Bf8 31.Nxd5 Qc1+ 32.Ke2 Kh8 33.Nxf6 Bd6 34.Nxe4 fxe4 35.Rxd6 exf3+
36.gxf3 Rc8 37.Rd7 Rc2+ 38.Kd3 Rd2+ 39.Ke4 Qc6+ 40.Qd5 Qc2+ 41.Ke5 Rxh2 42.Rd8+
Kg7 43.Qg8+ 1-0

[Event "CAMPEONATO DE ESPAÑA ABSOLUTO"]
[Site "EL SAUZAL - TENERIFE - ISLAS CANARIAS"]
[Date "2010.09.11"]
[Round "8"]
[Board "45"]
[White "Quiza Vazquez, Carolina"]
[Black "Fernandez Molina, Victor Manuel"]
[Result "1-0"]
[WhiteElo "1567"]
[BlackElo "1913"]
[PlyCount "65"]
[EventDate "2010.09.04"]
[EventRounds "9"]
[EventCountry "ESP"]

1.d4 Nf6 2.Nf3 e6 3.c4 b6 4.Nc3 Bb7 5.Qc2 d5 6.e3 Nbd7 7.Bd3 Rc8 8.cxd5 exd5
9.O-O Be7 10.Re1 O-O 11.Qe2 c5 12.h3 Ne4 13.Nd2 f5 14.Bc2 cxd4 15.exd4 Bf6
16.Ndxe4 fxe4 17.Be3 Nb8 18.Bb3 Kh8 19.Red1 Na6 20.Bxd5 Qe7 21.Bxb7 Qxb7 22.Nxe4
Qxe4 23.Qxa6 Bh4 24.Rac1 Rce8 25.Qd3 Qd5 26.Qc4 Qf5 27.Rf1 Qg6 28.d5 Be7 29.Qc7
Bd6 30.Qxa7 Rf3 31.Qd7 Rf5 32.Rc6 Rxd5 33.Bf4 1-0

[Event "CAMPEONATO DE ESPAÑA ABSOLUTO"]
[Site "EL SAUZAL - TENERIFE - ISLAS CANARIAS"]
[Date "2010.09.11"]
[Round "8"]
[Board "46"]
[White "Jimenez Mendoza, Jose Miguel"]
[Black "Diaz Sanchez, Jose Francisco"]
[Result "1/2-1/2"]
[WhiteElo "1717"]
[BlackElo "1909"]
[PlyCount "65"]
[EventDate "2010.09.04"]
[EventRounds "9"]
[EventCountry "ESP"]

1.e4 c5 2.Nf3 e6 3.d4 cxd4 4.Nxd4 Nf6 5.Nc3 Nc6 6.Be3 Bb4 7.Nxc6 bxc6 8.Qd4 c5
9.Qd3 d5 10.Bg5 h6 11.Bd2 d4 12.Nb1 Rb8 13.Bxb4 Rxb4 14.b3 O-O 15.Be2 Bb7 16.f3
e5 17.O-O Nh5 18.a3 Rb6 19.Qd2 Nf4 20.Bc4 Qg5 21.g3 Nh3+ 22.Kh1 Qh5 23.Qe2 Rf6
24.Nd2 Qg6 25.Rac1 Rd8 26.Qg2 Bc8 27.Bd5 Ng5 28.Qe2 Ba6 29.Bc4 Bb7 30.Kg1 Nh3+
31.Kh1 Ng5 32.Qg2 Bc8 33.Qe2 1/2-1/2

[Event "CAMPEONATO DE ESPAÑA ABSOLUTO"]
[Site "EL SAUZAL - TENERIFE - ISLAS CANARIAS"]
[Date "2010.09.11"]
[Round "8"]
[Board "48"]
[White "Bernad Millan, Ignacio"]
[Black "Monzon Aleman, Ayoze"]
[Result "1-0"]
[WhiteElo "1854"]
[BlackElo "1750"]
[PlyCount "31"]
[EventDate "2010.09.04"]
[EventRounds "9"]
[EventCountry "ESP"]

1.d4 d5 2.c4 c6 3.Nf3 Nf6 4.g3 dxc4 5.Bg2 e6 6.O-O Nbd7 7.a4 Bd6 8.Na3 O-O
9.Nxc4 Bc7 10.b4 Re8 11.Bb2 Nb6 12.Qc2 Nxc4 13.Qxc4 a5 14.b5 cxb5 15.axb5 Qd5
16.Qxc7 1-0

[Event "CAMPEONATO DE ESPAÑA ABSOLUTO"]
[Site "EL SAUZAL - TENERIFE - ISLAS CANARIAS"]
[Date "2010.09.11"]
[Round "8"]
[Board "49"]
[White "Gonzalez Garcia, Zoilo"]
[Black "Orti Boix, Miquel Lluis"]
[Result "0-1"]
[WhiteElo "1572"]
[BlackElo "1889"]
[PlyCount "48"]
[EventDate "2010.09.04"]
[EventRounds "9"]
[EventCountry "ESP"]

1.e4 c5 2.Nf3 d6 3.d3 Nf6 4.g3 Nc6 5.Nbd2 e5 6.Bg2 Be7 7.O-O O-O 8.c3 a5 9.a4
Rb8 10.Re1 Ne8 11.Nf1 f5 12.exf5 Bxf5 13.Ne3 Be6 14.Nd2 Qc7 15.Nd5 Qd8 16.f4 Nf6
17.Nxe7+ Nxe7 18.fxe5 dxe5 19.Rxe5 Bf7 20.Rxc5 Qxd3 21.Rc7 Ned5 22.Bxd5 Bxd5
23.Re7 Ne4 24.Rd7 Qe3+ 0-1